FINISH STRONG : (Record no. 186977)
[ view plain ]
| 000 -LEADER | |
|---|---|
| fixed length control field | 01541nam a2200325 i 4500 |
| 003 - CONTROL NUMBER IDENTIFIER | |
| control field | OSt |
| 005 - DATE AND TIME OF LATEST TRANSACTION | |
| control field | 20220111111137.0 |
| 008 - FIXED-LENGTH DATA ELEMENTS--GENERAL INFORMATION | |
| fixed length control field | 220111t2020 iluao g 000 0 eng d |
| 020 ## - INTERNATIONAL STANDARD BOOK NUMBER | |
| International Standard Book Number | 9781728225326 |
| Terms of availability | RM79.95 |
| Qualifying information | hardback |
| 040 ## - CATALOGING SOURCE | |
| Original cataloging agency | PPAK |
| Language of cataloging | eng |
| Transcribing agency | PPAK |
| Description conventions | rda |
| 082 04 - DEWEY DECIMAL CLASSIFICATION NUMBER | |
| Edition number | 23 |
| Classification number | 158 |
| 090 00 - LOCALLY ASSIGNED LC-TYPE CALL NUMBER (OCLC); LOCAL CALL NUMBER (RLIN) | |
| Classification number (OCLC) (R) ; Classification number, CALL (RLIN) (NR) | 158 |
| Feature heading | GRE |
| Feature heading | G |
| 100 1# - MAIN ENTRY--PERSONAL NAME | |
| Personal name | Green, Dan, |
| Relator term | author. |
| 245 10 - TITLE STATEMENT | |
| Title | FINISH STRONG : |
| Remainder of title | Amazing Stories Courage and Inspiration / |
| Statement of responsibility, etc. | DAN GREEN |
| 264 #1 - PRODUCTION, PUBLICATION, DISTRIBUTION, MANUFACTURE, AND COPYRIGHT NOTICE | |
| Place of production, publication, distribution, manufacture | Naperville, Illinois : |
| Name of producer, publisher, distributor, manufacturer | Simple Truths, |
| Date of production, publication, distribution, manufacture, or copyright notice | 2020 |
| Date of production, publication, distribution, manufacture, or copyright notice | ©2020. |
| 300 ## - PHYSICAL DESCRIPTION | |
| Extent | viii, 108 pages : |
| Other physical details | colour photographs ; |
| Dimensions | 18 cm. |
| 336 ## - CONTENT TYPE | |
| Source | rdacontent |
| Content type term | text |
| 337 ## - MEDIA TYPE | |
| Source | rdamedia |
| Media type term | unmediated |
| 338 ## - CARRIER TYPE | |
| Source | rdacarrier |
| Carrier type term | volume |
| 490 1# - SERIES STATEMENT | |
| Series statement | Ignite Reads. |
| 500 ## - GENERAL NOTE | |
| General note | First published in 2008. |
| 520 ## - SUMMARY, ETC. | |
| Summary, etc. | The Finish Strong mindset is a powerful platform for achievement personally, professionally and spiritually. Finish Strong is packed with motivational and inspirational stories of individuals who overcame adversity to Finish Strong. Dan Green has written 20 engaging chapters guaranteed to give you a quick shot of inspiration and motivation. A must read for students, athletes, professionals and anyone looking for a new way to think about life. Some of the stories featured include: Bethany Hamilton, John Baker, Ray Kroc, Paul Hamm, Julie Moss, Ben Hogan and Helen Keller. |
| 650 10 - SUBJECT ADDED ENTRY--TOPICAL TERM | |
| Topical term or geographic name entry element | Attitude (Psychology) |
| Topical term or geographic name entry element | Success |
| Form subdivision | Psychological aspects. |
| Topical term or geographic name entry element | Courage. |
| 655 7# - INDEX TERM--GENRE/FORM | |
| Genre/form data or focus term | Self-help publications |
| 830 #0 - SERIES ADDED ENTRY--UNIFORM TITLE | |
| Uniform title | Ignite reads. |
| 942 ## - ADDED ENTRY ELEMENTS (KOHA) | |
| Source of classification or shelving scheme | Dewey Decimal Classification |
| Koha item type | Book |
| Withdrawn | Not for loan | Current library | Shelving location | Date acquired | Total Checkouts | Total Renewals | Full call number | Barcode | Date last seen | Date last checked out | Koha item type |
|---|---|---|---|---|---|---|---|---|---|---|---|
| Perpustakaan Alor Setar | Pinjaman Dewasa | 06/02/2022 | 4 | 1 | 158 GRE | A01722503 | 10/01/2026 | 20/12/2025 | Book | ||
| Perpustakaan Awam Sungai Petani | Pinjaman Dewasa | 06/02/2022 | 1 | 158 GRE | A01722504 | 23/10/2024 | 13/07/2024 | Book | |||
| Perpustakaan Kulim | Pinjaman Dewasa | 06/02/2022 | 4 | 1 | 158 GRE | A01722506 | 25/04/2023 | 14/03/2023 | Book | ||
| Perpustakaan Langkawi | Pinjaman Dewasa | 06/02/2022 | 158 GRE | A01722505 | 06/02/2022 | Book |